Gatwick Parking Services Ltd v Sargent (Record no. 64296)

MARC details
000 -LEADER
fixed length control field 01234cam a2200241 4500
001 - CONTROL NUMBER
control field ABS62635
008 - FIXED-LENGTH DATA ELEMENTS--GENERAL INFORMATION
fixed length control field 000000n2000 000 0 eng u
035 ## - SYSTEM CONTROL NUMBER
System control number (Sirsi) u107607
245 ## - TITLE STATEMENT
Title Gatwick Parking Services Ltd v Sargent
260 ## - PUBLICATION, DISTRIBUTION, ETC.
Date of publication, distribution, etc. 2000
490 ## - SERIES STATEMENT
Series statement Estates Gazette Law Reports
Volume/sequential designation [2000] 25 EG 141-147(7)
520 ## - SUMMARY, ETC.
Summary, etc. CA 24 January 2000. The appellant landlord S owned 3 acres of land near Gatwick Airport let to the respondent tenant. The tenant G occupied the site as a car park. S opposed the application for a new tenancy under the Landlord and Tenant Act 1954 s30(1) on the grounds that he intended to occupy for the same purpose of business. Planning permission for the car-parking use of the property was conditional on the use being carried out in the name of the tenant company. The landlord appealed against the County Court decision. 'Held' appeal allowed.
590 ## - LOCAL NOTE (RLIN)
Local note ABS
650 ## - SUBJECT ADDED ENTRY--TOPICAL TERM
Topical term or geographic name entry element LEASE RENEWAL
650 ## - SUBJECT ADDED ENTRY--TOPICAL TERM
Topical term or geographic name entry element GATWICK PARKING SERVICE LTD V SARGENT
650 ## - SUBJECT ADDED ENTRY--TOPICAL TERM
Topical term or geographic name entry element LANDLORD AND TENANT ACT 1954 PART II
650 ## - SUBJECT ADDED ENTRY--TOPICAL TERM
Topical term or geographic name entry element PLANNING PERMISSION
650 ## - SUBJECT ADDED ENTRY--TOPICAL TERM
Topical term or geographic name entry element CAR PARKS
650 ## - SUBJECT ADDED ENTRY--TOPICAL TERM
Topical term or geographic name entry element SOLE OCCUPATION
650 ## - SUBJECT ADDED ENTRY--TOPICAL TERM
Topical term or geographic name entry element PLANNING LAW
690 ## - LOCAL SUBJECT ADDED ENTRY--TOPICAL TERM (OCLC, RLIN)
Topical term or geographic name as entry element LANDLORD AND TENANT-BUSINESS TENANCIES-CASE LAW
942 ## - ADDED ENTRY ELEMENTS (KOHA)
Suppress in OPAC 0
Holdings
Withdrawn status Lost status Source of classification or shelving scheme Damaged status Not for loan Home library Current library Shelving location Date acquired Total Checkouts Full call number Barcode Date last seen Copy number Price effective from Koha item type
    Dewey Decimal Classification     London London Journal article 07/08/2000   ABS62635 107607-1001 06/08/2019 1 06/08/2019 Law report